[Event "Edmonton-ch Reserves"]
[Site "Edmonton"]
[Date "2009.01.15"]
[Round "2"]
[White "Borger, Rocky"]
[Black "Mendryk, Wayne"]
[Result "1-0"]
[WhiteElo "1345"]
[BlackElo "1468"]
[PlyCount "75"]
[EventDate "2009.01.08"]
[EventType "swiss"]
[EventRounds "7"]
[EventCountry "CAN"]
[SourceTitle "EXT 2011"]
[Source "ChessBase"]
[SourceDate "2010.11.26"]
[SourceVersion "1"]
[SourceVersionDate "2010.11.26"]
[SourceQuality "1"]

1. e4 c5 2. Bc4 Nc6 3. Nf3 Nf6 4. Nc3 h6 5. h3 d6 6. b3 e6 7. Bb2 Be7 8. Qe2 a6 9. a4 0-0 10. Qe3 d5 11. exd5 exd5 12. 0-0 dxc4 13. bxc4 Be6 14. d3 Nd4 15. Ne1 Qd6 16. Rd1 Qc6 17. f4 Rfe8 18. Nf3 Nxc2 19. Qf2 Nb4 20. Ne5 Qc7 21. Rde1 Rad8 22. Re3 Rd6 23. f5 Bd7 24. Qd2 Bc6 25. Rg3 Nh5 26. Rg4 Kf8 27. Ne4 Bxe4 28. Rxe4 Ng3 29. Ng6+ fxg6 30. fxg6+ Bf6 31. Rxe8+ Kxe8 32. Qe3+ Qe7 33. Qxg3 Bh4 34. Qg4 Qe3+ 35. Kh2 Rxd3 36. Qxh4 Qe2 37. Re1 Rxh3+ 38. Kxh3 1-0

[Event "Edmonton Ottosen op"]
[Site "Edmonton"]
[Date "2008.08.21"]
[Round "3"]
[White "Mendryk, Wayne"]
[Black "Paton, Brandon"]
[Result "1-0"]
[WhiteElo "1436"]
[BlackElo "1316"]
[PlyCount "52"]
[EventDate "2008.08.07"]
[EventType "swiss"]
[EventRounds "4"]
[EventCountry "CAN"]
[SourceTitle "EXT 2011"]
[Source "ChessBase"]
[SourceDate "2010.11.26"]
[SourceVersion "1"]
[SourceVersionDate "2010.11.26"]
[SourceQuality "1"]

1. e4 c5 2. Nf3 d6 3. d4 cxd4 4. Nxd4 e5 5. Nb5 a6 6. N5a3 Nf6 7. Bg5 Nbd7 8. Nc3 h6 9. Bh4 g5 10. Bg3 Nc5 11. Bd3 Qa5 12. Qf3 Be7 13. 0-0 0-0 14. Nd5 Nh7 15. Nxe7+ Kh8 16. Nc4 g4 17. Qe3 Qc7 18. Bh4 Ne6 19. Qxh6 f5 20. Ng6+ Kg8 21. Nxf8 Nexf8 22. exf5 Bxf5 23. Bxf5 Qxc4 24. Bxh7+ Nxh7 25. Rfe1 Qxc2 26. Rac1 Qd2 1-0

[Event "Edmonton op"]
[Site "Edmonton"]
[Date "2008.07.17"]
[Round "3"]
[White "Mendryk, Wayne"]
[Black "Paton, Brandon"]
[Result "1/2-1/2"]
[WhiteElo "1436"]
[BlackElo "1316"]
[PlyCount "103"]
[EventDate "2008.07.03"]
[EventType "swiss"]
[EventRounds "5"]
[EventCountry "CAN"]
[SourceTitle "EXT 2011"]
[Source "ChessBase"]
[SourceDate "2010.11.26"]
[SourceVersion "1"]
[SourceVersionDate "2010.11.26"]
[SourceQuality "1"]

1. e4 c5 2. Nf3 a6 3. d4 cxd4 4. Nxd4 e5 5. Nf5 Nc6 6. a4 g6 7. Nd6+ Bxd6 8. Qxd6 Nf6 9. Nc3 h6 10. Bc4 Qe7 11. Qd1 d6 12. h3 Bd7 13. Be3 Nb4 14. Bb3 Nh5 15. Nd5 Nxd5 16. Bxd5 Rb8 17. Qf3 Nf6 18. c4 b5 19. cxb5 axb5 20. a5 Nxd5 21. exd5 e4 22. Qd1 Ra8 23. 0-0 Bc8 24. Re1 Ba6 25. Bb6 0-0 26. Re3 Rac8 27. Qd4 Rc4 28. Qd2 Rfc8 29. Rc3 Kh7 30. Rac1 f5 31. b3 Rxc3 32. Rxc3 Rxc3 33. Qxc3 f4 34. Qc7 Qxc7 35. Bxc7 e3 36. fxe3 fxe3 37. Bxd6 Kg7 38. Bb4 Kf7 39. Kf1 Bb7 40. Bc5 Bxd5 41. Bxe3 Bxb3 42. Bxh6 b4 43. Bd2 Bc4+ 44. Kf2 b3 45. Bc3 Ke6 46. g4 g5 47. Kg3 Kd6 48. h4 gxh4+ 49. Kxh4 Bd3 50. Kg5 Be2 51. Kf4 Bxg4 52. Kxg4 1/2-1/2